000 00747nam a2200253Ia 4500
003 OSt
005 20220925220310.0
006 a|||||r|||| 00| 0
007 ta
008 220923b |||||||| |||| 00| 0 eng d
020 _a026210086X
_c
_24.95
037 _b46141, 22/03/2001, SSS
_cGeneral Book
040 _aRTL
_cRTL
_beng
041 _2eng
_aeng
082 _aX991, P0
100 _aJones Ronald W
245 0 _aGlobalization and the theory of input trade
260 _aLondon
_bM I T Press
_c2000
300 _ax, 177p. Bibliography p.163-70
_ccm.
500 _aOhlin Lectures, 8.
650 _aGlobalization
942 _hX991, P0
_cGB
_2CC
999 _c571051
_d571051